[Event "XI Torneo Internazionale"]
[Site "Venezia ITA"]
[Date "1974.11.??"]
[Round "8"]
[White "Micheli, Carlo"]
[Black "Suttles, Duncan"]
[WhiteElo "2320"]
[BlackElo "2445"]
[Result "0-1"]
[PlyCount "40"]
[EventDate "1974.11.09"]

1. e4 g6 2. d4 d6 3. Nc3 Bg7 4. f4 Nf6 5. Nf3 c5 6. dxc5 Qa5 7. Qd3 Qxc5 8. Be3
Qc7 9. e5 dxe5 10. fxe5 Ng4 11. Nd5 Qd7 12. Qc3 O-O 13. O-O-O Nxe3 14. Qxe3 Qa4
15. Nc7 Bf5 16. Bd3 Qxa2 17. Nxa8 Bxd3 18. Nc7 Be4 19. Rhe1 Bc6 20. c4 Ba4 0-1

[Event "XI Torneo Internazionale"]
[Site "Venezia ITA"]
[Date "1974.11.??"]
[Round "8"]
[White "Tarjan, James Edward"]
[Black "Ostojic, Predrag"]
[WhiteElo "2475"]
[BlackElo "2485"]
[Result "0-1"]
[PlyCount "82"]
[EventDate "1974.11.09"]

1. e4 c5 2. Nf3 d6 3. d4 cxd4 4. Nxd4 Nf6 5. Nc3 Nc6 6. Bg5 Qb6 7. Nb3 e6 8.
Bxf6 gxf6 9. Be2 a6 10. O-O Be7 11. Kh1 O-O 12. f4 Kh8 13. Bh5 Bd7 14. Rf3 Rad8
15. Qd2 Be8 16. Rh3 Rg8 17. Rf1 Rg7 18. f5 Bd7 19. Be2 Rg5 20. e5 dxe5 21. Ne4
exf5 22. Nxg5 fxg5 23. Bc4 f4 24. Rd3 Bf5 25. Rxd8+ Nxd8 26. Qd5 Qe3 27. Nd2 g4
28. Bb3 b5 29. a4 Qe2 30. axb5 axb5 31. c4 Be6 32. Qxb5 Bf6 33. Qb4 Kg7 34. Bd1
Qd3 35. Qc3 Qxc3 36. bxc3 Be7 37. Re1 f6 38. Bc2 Nf7 39. Be4 Ng5 40. Bd5 Bf5
41. Ne4 Bxe4 0-1

[Event "XI Torneo Internazionale"]
[Site "Venezia ITA"]
[Date "1974.11.??"]
[Round "8"]
[White "Timman, Jan Hendrik"]
[Black "Liberzon, Vladimir M."]
[WhiteElo "2540"]
[BlackElo "2515"]
[Result "0-1"]
[PlyCount "80"]
[EventDate "1974.11.09"]

1. e4 c5 2. Nf3 e6 3. c3 d5 4. e5 Nc6 5. d4 Qb6 6. a3 c4 7. Nbd2 Bd7 8. Be2 Na5
9. O-O Ne7 10. Rb1 h6 11. Nh4 O-O-O 12. g3 Kb8 13. Bh5 g6 14. Be2 Qc7 15. Ng2
Bc6 16. h4 Qd7 17. h5 Ba4 18. Qe1 Bc2 19. Ra1 Bg7 20. Ne3 Ba4 21. Bd1 Bxd1 22.
Qxd1 Nf5 23. Ng2 Rdg8 24. g4 Ne7 25. Nf4 f6 26. exf6 Bxf6 27. Re1 Nac6 28. hxg6
Nxg6 29. Nh5 Bd8 30. b4 Nh4 31. Kf1 Qf7 32. Qe2 Rg6 33. Nxc4 dxc4 34. b5 Rhg8
35. Bf4+ e5 36. dxe5 Qd5 37. f3 Rxg4 38. fxg4 Qh1+ 39. Kf2 Bb6+ 40. Kg3 Nf5#
0-1

[Event "XI Torneo Internazionale"]
[Site "Venezia ITA"]
[Date "1974.11.??"]
[Round "9"]
[White "Benko, Pal C."]
[Black "Tarjan, James Edward"]
[WhiteElo "2510"]
[BlackElo "2475"]
[Result "1/2-1/2"]
[PlyCount "27"]
[EventDate "1974.11.09"]

1. Nf3 Nf6 2. c4 g6 3. Nc3 d5 4. cxd5 Nxd5 5. g3 Bg7 6. Bg2 O-O 7. O-O Nc6 8.
d4 Nb6 9. e3 e5 10. dxe5 Ne7 11. e4 Bg4 12. Qb3 c6 13. Bg5 h6 14. h3 1/2-1/2

[Event "XI Torneo Internazionale"]
[Site "Venezia ITA"]
[Date "1974.11.??"]
[Round "9"]
[White "Bilek, Istvan"]
[Black "Mariotti, Sergio"]
[WhiteElo "2475"]
[BlackElo "2465"]
[Result "1-0"]
[PlyCount "47"]
[EventDate "1974.11.09"]

1. c4 e5 2. g3 Nf6 3. d3 d5 4. Bg2 dxc4 5. Qa4+ c6 6. Qxc4 Be6 7. Qc2 h6 8. Nf3
Bd6 9. O-O O-O 10. Nbd2 Bc7 11. b3 Re8 12. Bb2 Nbd7 13. h3 a5 14. a3 Bf5 15. e4
Bh7 16. Nc4 Nh5 17. Rad1 Qe7 18. Rfe1 Qc5 19. Nfxe5 Nxe5 20. d4 Nf3+ 21. Bxf3
Qg5 22. h4 Qg6 23. Ne5 Bxe5 24. dxe5 1-0

[Event "XI Torneo Internazionale"]
[Site "Venezia ITA"]
[Date "1974.11.??"]
[Round "9"]
[White "Cosulich, Roberto"]
[Black "Micheli, Carlo"]
[WhiteElo "2430"]
[BlackElo "2320"]
[Result "1-0"]
[PlyCount "111"]
[EventDate "1974.11.09"]

1. e4 Nf6 2. e5 Nd5 3. d4 d6 4. Nf3 g6 5. c4 Nb6 6. exd6 cxd6 7. h3 Bg7 8. Nc3
O-O 9. Be2 Nc6 10. Be3 e6 11. O-O Ne7 12. Rc1 Bd7 13. Qb3 Bc6 14. Rfd1 d5 15.
c5 Nc4 16. Bf4 Nf5 17. Qc2 b5 18. b3 Na3 19. Qd2 b4 20. Nb1 Nb5 21. Bxb5 Bxb5
22. c6 a5 23. Rc5 Qb6 24. Rdc1 Rfc8 25. g4 Ne7 26. c7 Be8 27. h4 Nc6 28. h5
gxh5 29. gxh5 f6 30. Qe2 Ne7 31. Nh4 Kh8 32. Qf3 Ng8 33. Kh1 e5 34. Bh2 e4 35.
Qg2 Qe6 36. Rg1 Bf8 37. Nf5 Qf7 38. Nd2 Bd7 39. Nd6 Bxd6 40. Bxd6 Qxh5+ 41. Bh2
Qf7 42. Rxd5 Bc6 43. Rc5 Ne7 44. Rxc6 Nxc6 45. Qxe4 Rxc7 46. Bxc7 Qxc7 47. Qf3
Rf8 48. Qe3 Qf7 49. Rg3 Re8 50. Qf4 Re1+ 51. Kg2 Ne7 52. Qb8+ Ng8 53. Qa8 Re2
54. Ne4 Rxe4 55. Qxe4 Ne7 56. Qa8+ 1-0

[Event "XI Torneo Internazionale"]
[Site "Venezia ITA"]
[Date "1974.11.??"]
[Round "9"]
[White "Liberzon, Vladimir M."]
[Black "Andersson, Ulf"]
[WhiteElo "2515"]
[BlackElo "2580"]
[Result "1/2-1/2"]
[PlyCount "101"]
[EventDate "1974.11.09"]

1. e4 c5 2. Nf3 e6 3. d4 cxd4 4. Nxd4 Nf6 5. Nc3 d6 6. Be2 a6 7. O-O Be7 8. Be3
Qc7 9. f4 O-O 10. Qe1 Nc6 11. Qg3 Nxd4 12. Bxd4 b5 13. a3 Bb7 14. Rae1 Bc6 15.
Bd3 e5 16. fxe5 Nh5 17. Qh3 dxe5 18. Nd5 Bxd5 19. exd5 exd4 20. Qxh5 g6 21. Qh6
Rae8 22. Re4 Bd8 23. Qf4 Qxf4 24. Rfxf4 Rxe4 25. Rxe4 Bf6 26. Re1 Rd8 27. a4
bxa4 28. Ra1 Rxd5 29. Rxa4 a5 30. b4 axb4 31. Rxb4 Bg5 32. g3 Rd6 33. Kg2 Be3
34. Rb1 Kg7 35. g4 Rc6 36. h3 Bd2 37. Rf1 Rc5 38. Rb1 Rc7 39. Rf1 Kh6 40. Rf2
Be3 41. Rf1 Kg5 42. Kg3 h5 43. h4+ Kh6 44. Rf6 hxg4 45. Kxg4 Kg7 46. Rb6 Rc5
47. Rb5 Rc6 48. h5 Rf6 49. hxg6 fxg6 50. Ra5 Kh6 51. Ra6 1/2-1/2

[Event "XI Torneo Internazionale"]
[Site "Venezia ITA"]
[Date "1974.11.??"]
[Round "9"]
[White "Ostojic, Predrag"]
[Black "Timman, Jan Hendrik"]
[WhiteElo "2485"]
[BlackElo "2540"]
[Result "0-1"]
[PlyCount "134"]
[EventDate "1974.11.09"]

1. e4 Nf6 2. e5 Nd5 3. d4 d6 4. Nf3 Bg4 5. Be2 e6 6. O-O Be7 7. c4 Nb6 8. exd6
cxd6 9. b3 O-O 10. Bb2 Nc6 11. Nbd2 d5 12. Ne5 Bxe2 13. Qxe2 Nxe5 14. dxe5 dxc4
15. Nxc4 Nxc4 16. Qxc4 Rc8 17. Qe4 Qb6 18. Rac1 Bc5 19. Rc4 Rfd8 20. Qc2 Rc6
21. g3 Rd5 22. Bc3 Qc7 23. a4 a6 24. a5 Be7 25. Rxc6 Qxc6 26. Qb2 g6 27. b4 h5
28. Rc1 Bg5 29. f4 Bd8 30. Be1 Qb5 31. Qc2 b6 32. Qc4 Qxc4 33. Rxc4 bxa5 34.
bxa5 Bxa5 35. Bxa5 Rxa5 36. Rc8+ Kg7 37. h4 Ra2 38. Ra8 a5 39. Kh1 a4 40. Kg1
Kh7 41. Kf1 Kg7 42. Re8 a3 43. Ra8 f5 44. Ke1 Kf7 45. Ra7+ Ke8 46. Kd1 Kd8 47.
Kc1 Kc8 48. Ra6 Kc7 49. Rxe6 Rg2 50. Kb1 Rxg3 51. Rd6 Rg4 52. Ka2 Rxh4 53. Rxg6
Rxf4 54. Kxa3 Re4 55. Kb3 Kd7 56. Rh6 Rxe5 57. Kc3 Rd5 58. Kc4 Rd1 59. Rf6 Rf1
60. Kd5 Ke7 61. Rh6 Re1 62. Rxh5 Kf6 63. Kd4 Kg6 64. Rh8 Kg5 65. Kd3 Kg4 66.
Kd2 Re7 67. Rf8 f4 0-1

[Event "XI Torneo Internazionale"]
[Site "Venezia ITA"]
[Date "1974.11.??"]
[Round "9"]
[White "Suttles, Duncan"]
[Black "Smyslov, Vassily V."]
[WhiteElo "2445"]
[BlackElo "2600"]
[Result "0-1"]
[PlyCount "86"]
[EventDate "1974.11.09"]

1. e4 e5 2. Nc3 Nf6 3. f4 d5 4. exd5 exf4 5. Bb5+ c6 6. dxc6 bxc6 7. Be2 Bd6 8.
Nf3 O-O 9. O-O Nbd7 10. Kh1 Re8 11. b3 Bb7 12. a4 a6 13. a5 c5 14. Ng1 Qc7 15.
Bf3 Bxf3 16. Nxf3 c4 17. bxc4 Qxc4 18. Ra4 Qc7 19. Bb2 Rab8 20. Ba1 Rb4 21.
Rxb4 Bxb4 22. Ne2 Bxa5 23. Nfd4 Nd5 24. Nf5 f6 25. Ned4 Ne5 26. Qe2 Qd7 27.
Qxa6 Bxd2 28. Nd6 Rd8 29. N4f5 Nf7 30. Rd1 Nxd6 31. Nxd6 Qxd6 32. Qxd6 Rxd6 33.
Rxd2 Rb6 34. Bd4 Rb1+ 35. Bg1 Nc3 36. h3 Kf7 37. Kh2 g5 38. Rd7+ Kg6 39. Rc7
Ne2 40. Bf2 Rf1 41. Ba7 h5 42. g4 fxg3+ 43. Kg2 Re1 0-1

[Event "XI Torneo Internazionale"]
[Site "Venezia ITA"]
[Date "1974.11.??"]
[Round "10"]
[White "Andersson, Ulf"]
[Black "Ostojic, Predrag"]
[WhiteElo "2580"]
[BlackElo "2485"]
[Result "1/2-1/2"]
[PlyCount "68"]
[EventDate "1974.11.09"]

1. Nf3 Nf6 2. c4 g6 3. g3 Bg7 4. Bg2 O-O 5. O-O d6 6. Nc3 e5 7. d3 Re8 8. Rb1
c6 9. Bg5 h6 10. Bxf6 Qxf6 11. b4 a6 12. Nd2 Qd8 13. a4 Be6 14. Nb3 Nd7 15. Qd2
f5 16. Rfc1 Nf6 17. b5 axb5 18. axb5 Qc7 19. bxc6 bxc6 20. Nd5 Bxd5 21. cxd5 c5
22. Qc2 e4 23. Nd4 Qf7 24. Ne6 exd3 25. exd3 Rab8 26. Rxb8 Rxb8 27. Rb1 Qa7 28.
Rxb8+ Qxb8 29. Qa4 Ng4 30. h3 Ne5 31. Qa6 Bf6 32. Kh2 Kh7 33. d4 cxd4 34. Nxd4
h5 1/2-1/2

[Event "XI Torneo Internazionale"]
[Site "Venezia ITA"]
[Date "1974.11.??"]
[Round "10"]
[White "Cosulich, Roberto"]
[Black "Bilek, Istvan"]
[WhiteElo "2430"]
[BlackElo "2475"]
[Result "1/2-1/2"]
[PlyCount "29"]
[EventDate "1974.11.09"]

1. e4 c5 2. Nf3 g6 3. d4 Bg7 4. Nc3 cxd4 5. Nxd4 Nc6 6. Be3 Nf6 7. Bc4 O-O 8.
Bb3 Qa5 9. O-O d6 10. h3 Nh5 11. Nd5 Re8 12. Re1 Bd7 13. c4 Rac8 14. Rc1 e6 15.
Nxc6 1/2-1/2

[Event "XI Torneo Internazionale"]
[Site "Venezia ITA"]
[Date "1974.11.??"]
[Round "10"]
[White "Mariotti, Sergio"]
[Black "Liberzon, Vladimir M."]
[WhiteElo "2465"]
[BlackElo "2515"]
[Result "0-1"]
[PlyCount "83"]
[EventDate "1974.11.09"]

1. e4 c5 2. Nf3 Nc6 3. d4 cxd4 4. Nxd4 e6 5. Nb5 d6 6. c4 Nf6 7. N5c3 Be7 8.
Be2 O-O 9. O-O b6 10. Na3 Bb7 11. f4 Rc8 12. Qd2 d5 13. cxd5 exd5 14. e5 Bc5+
15. Kh1 Ne4 16. Nxe4 dxe4 17. Nc4 Nb4 18. f5 Qxd2 19. Bxd2 Nd3 20. Bxd3 exd3
21. Rae1 Bd5 22. b3 Rfd8 23. e6 fxe6 24. fxe6 Re8 25. Ne5 Rxe6 26. Nxd3 Rxe1
27. Bxe1 Bd4 28. Bf2 Bf6 29. Rc1 Rxc1+ 30. Nxc1 Be4 31. Be3 Kf7 32. Kg1 Ke6 33.
Kf2 Kd5 34. g3 Bc2 35. Ke2 Ke4 36. Kd2 Bb1 37. a4 Bc3+ 38. Ke2 Bc2 39. Bf4 Bb1
40. Bb8 a6 41. Bc7 Bd4 42. Bf4 0-1

[Event "XI Torneo Internazionale"]
[Site "Venezia ITA"]
[Date "1974.11.??"]
[Round "10"]
[White "Micheli, Carlo"]
[Black "Smyslov, Vassily V."]
[WhiteElo "2320"]
[BlackElo "2600"]
[Result "0-1"]
[PlyCount "74"]
[EventDate "1974.11.09"]

1. e4 c5 2. Nf3 e6 3. d4 cxd4 4. Nxd4 a6 5. Nc3 Qc7 6. g3 Bb4 7. Nde2 Nf6 8.
Bg2 d6 9. O-O Nbd7 10. h3 Bc5 11. g4 h6 12. a4 Ne5 13. Kh2 Qe7 14. Ng3 g5 15.
Qe2 Ng6 16. Be3 Nf4 17. Qd2 h5 18. gxh5 N6xh5 19. Nxh5 Rxh5 20. Bxf4 gxf4 21.
Qxf4 Bd7 22. Ne2 O-O-O 23. Ng3 Rh4 24. Qd2 Rdh8 25. f4 f5 26. Qc3 Qh7 27. Ne2
Bc6 28. Rf3 fxe4 29. Rg3 Bf2 30. Rg7 Qh5 31. Ng1 Rxf4 32. Rg5 Qxg5 33. Qxh8+
Kc7 34. Ne2 Rf7 35. Nd4 Qg3+ 36. Kh1 Bxd4 37. Qxd4 Rf2 0-1

[Event "XI Torneo Internazionale"]
[Site "Venezia ITA"]
[Date "1974.11.??"]
[Round "10"]
[White "Savon, Vladimir A."]
[Black "Suttles, Duncan"]
[WhiteElo "2575"]
[BlackElo "2445"]
[Result "1/2-1/2"]
[PlyCount "40"]
[EventDate "1974.11.09"]

1. e4 g6 2. d4 d6 3. Nc3 Bg7 4. Nf3 c6 5. Be2 Nd7 6. O-O Qc7 7. Re1 Ngf6 8. a4
O-O 9. Bc4 d5 10. Bb3 dxe4 11. Nxe4 Nxe4 12. Rxe4 e5 13. Nxe5 Nxe5 14. Bf4 Re8
15. Qe1 Bf5 16. Bxe5 Bxe5 17. Rxe5 Rxe5 18. dxe5 Re8 19. f4 Qb6+ 20. Qf2 Rd8
1/2-1/2

[Event "XI Torneo Internazionale"]
[Site "Venezia ITA"]
[Date "1974.11.??"]
[Round "11"]
[White "Benko, Pal C."]
[Black "Andersson, Ulf"]
[WhiteElo "2510"]
[BlackElo "2580"]
[Result "1/2-1/2"]
[PlyCount "128"]
[EventDate "1974.11.09"]

1. d4 Nf6 2. c4 c5 3. d5 d6 4. Nc3 g6 5. e4 Bg7 6. Nf3 O-O 7. h3 a6 8. Bd3 e6
9. O-O Qc7 10. a4 Nbd7 11. Be3 exd5 12. exd5 Re8 13. Qd2 Ne5 14. Nxe5 Rxe5 15.
Bf4 Re8 16. a5 Bd7 17. Bh2 Rad8 18. Rfe1 Rxe1+ 19. Qxe1 Re8 20. Qd2 Re7 21. Kf1
Ne8 22. Bf4 Be5 23. Bg5 f6 24. Be3 f5 25. Ne2 b6 26. Ra2 bxa5 27. Qxa5 Qxa5 28.
Rxa5 Bc8 29. b3 Rb7 30. Bc2 Rb8 31. Bd2 Bf6 32. f3 Kf7 33. Nf4 Bd8 34. Ra2 Nf6
35. g4 fxg4 36. hxg4 Ne8 37. Ne6 Bf6 38. f4 Ng7 39. f5 gxf5 40. gxf5 Be5 41.
Bg5 Bf6 42. Bf4 Rb6 43. Kg2 h5 44. Kf3 Bd7 45. Bh2 Bc3 46. Bg3 Bf6 47. Bf4 Bc8
48. Ke4 h4 49. Bd1 Bd7 50. Rg2 h3 51. Rh2 a5 52. Rxh3 a4 53. bxa4 Rb4 54. Be2
Bxa4 55. Nxg7 Bc2+ 56. Kf3 Bxg7 57. Bxd6 Rb3+ 58. Kg2 Rb2 59. Rh2 Bxf5 60. Kg3
Rb6 61. Bxc5 Be5+ 62. Kf2 Rb2 63. Rg2 Be4 64. Rg5 Bf6 1/2-1/2

[Event "XI Torneo Internazionale"]
[Site "Venezia ITA"]
[Date "1974.11.??"]
[Round "11"]
[White "Bilek, Istvan"]
[Black "Micheli, Carlo"]
[WhiteElo "2475"]
[BlackElo "2320"]
[Result "1/2-1/2"]
[PlyCount "42"]
[EventDate "1974.11.09"]

1. Nf3 Nf6 2. g3 d6 3. Bg2 e5 4. O-O g6 5. c4 Bg7 6. Nc3 O-O 7. d3 Nc6 8. Rb1
a5 9. a3 Re8 10. Nd2 Nd7 11. b4 axb4 12. axb4 h6 13. Nd5 Nd4 14. e3 Ne6 15. Qc2
c6 16. Nc3 Nb6 17. b5 Bd7 18. Nde4 Nc8 19. bxc6 bxc6 20. f4 f5 21. Nf2 g5
1/2-1/2

[Event "XI Torneo Internazionale"]
[Site "Venezia ITA"]
[Date "1974.11.??"]
[Round "11"]
[White "Liberzon, Vladimir M."]
[Black "Cosulich, Roberto"]
[WhiteElo "2515"]
[BlackElo "2430"]
[Result "0-1"]
[PlyCount "48"]
[EventDate "1974.11.09"]

1. e4 c5 2. Nf3 Nc6 3. d4 cxd4 4. Nxd4 g6 5. Nc3 Bg7 6. Be3 Nf6 7. Bc4 d6 8. f3
Qb6 9. Nf5 Qxb2 10. Nxg7+ Kf8 11. Nd5 Nxd5 12. Bxd5 Kxg7 13. O-O Qc3 14. Qc1 h5
15. Rb1 f6 16. Rb3 Qa5 17. f4 Qc7 18. Qb2 Rb8 19. Bxc6 Qxc6 20. Bxa7 Ra8 21.
Bd4 Rf8 22. Rc3 Qa6 23. Rc7 Rf7 24. Bxf6+ exf6 0-1

[Event "XI Torneo Internazionale"]
[Site "Venezia ITA"]
[Date "1974.11.??"]
[Round "11"]
[White "Ostojic, Predrag"]
[Black "Mariotti, Sergio"]
[WhiteElo "2485"]
[BlackElo "2465"]
[Result "1-0"]
[PlyCount "69"]
[EventDate "1974.11.09"]

1. e4 e5 2. Nf3 Nc6 3. Bb5 Bc5 4. O-O Nd4 5. Nxd4 Bxd4 6. c3 Bb6 7. d4 c6 8.
Ba4 d6 9. Na3 Ne7 10. Bb3 O-O 11. Nc4 Bc7 12. dxe5 dxe5 13. Qh5 Ng6 14. Bg5 Qd7
15. Ne3 Nf4 16. Qf3 Kh8 17. Rad1 Qe8 18. Nf5 Be6 19. Be7 Rg8 20. Bd6 Bxf5 21.
exf5 Bxd6 22. Rxd6 Qe7 23. Rfd1 Rad8 24. Rxd8 Rxd8 25. g3 Rxd1+ 26. Qxd1 Nh3+
27. Kg2 Ng5 28. Qe2 f6 29. f4 Nf7 30. Qc4 Nh6 31. Qe6 Qxe6 32. fxe6 Nf5 33.
fxe5 fxe5 34. Kf3 Nd6 35. e7 1-0

[Event "XI Torneo Internazionale"]
[Site "Venezia ITA"]
[Date "1974.11.??"]
[Round "11"]
[White "Smyslov, Vassily V."]
[Black "Savon, Vladimir A."]
[WhiteElo "2600"]
[BlackElo "2575"]
[Result "1/2-1/2"]
[PlyCount "29"]
[EventDate "1974.11.09"]

1. d4 Nf6 2. Nf3 e6 3. c4 b6 4. g3 Bb7 5. Bg2 Be7 6. O-O O-O 7. Nc3 Ne4 8. Nxe4
Bxe4 9. Be3 c5 10. Qd2 d6 11. dxc5 dxc5 12. Rad1 Qxd2 13. Bxd2 Nc6 14. Bc3 Rfd8
15. Ne5 1/2-1/2

[Event "XI Torneo Internazionale"]
[Site "Venezia ITA"]
[Date "1974.11.??"]
[Round "11"]
[White "Suttles, Duncan"]
[Black "Tarjan, James Edward"]
[WhiteElo "2445"]
[BlackElo "2475"]
[Result "1-0"]
[PlyCount "69"]
[EventDate "1974.11.09"]

1. e4 e5 2. Nc3 Nf6 3. Bc4 Nxe4 4. Qh5 Nd6 5. Qxe5+ Qe7 6. Qxe7+ Bxe7 7. Bb3
Nf5 8. Nd5 Bd8 9. Ne3 Nd4 10. Bc4 c6 11. Ne2 Nxe2 12. Bxe2 d5 13. d4 O-O 14.
O-O Be6 15. Rd1 Nd7 16. a4 f5 17. Nf1 Bf6 18. Ra3 Rf7 19. Re3 Re7 20. Bf3 f4
21. Rb3 Bf5 22. Rxb7 Bxc2 23. Rd2 Bxa4 24. b3 Re1 25. Rc2 Bxd4 26. bxa4 Nc5 27.
Rc7 Nd3 28. R7xc6 Rae8 29. g3 Nxf2 30. Rxf2 fxg3 31. hxg3 Rf8 32. Bxd5+ Kh8 33.
Bf3 g5 34. Kg2 g4 35. Bf4 1-0

[Event "XI Torneo Internazionale"]
[Site "Venezia ITA"]
[Date "1974.11.??"]
[Round "12"]
[White "Bilek, Istvan"]
[Black "Liberzon, Vladimir M."]
[WhiteElo "2475"]
[BlackElo "2515"]
[Result "0-1"]
[PlyCount "114"]
[EventDate "1974.11.09"]

1. Nf3 Nf6 2. g3 g6 3. Bg2 Bg7 4. O-O O-O 5. d4 d6 6. c4 Nc6 7. Nc3 a6 8. Nd5
Ne4 9. Ne3 f5 10. d5 Na5 11. Nd2 Ng5 12. Rb1 c5 13. f4 Bd4 14. fxg5 Bxe3+ 15.
Kh1 Bxg5 16. b3 e5 17. dxe6 Bxe6 18. Bb2 Nc6 19. Nf3 Bh6 20. Ne1 Qe7 21. Nd3 g5
22. e3 Bg7 23. Bxg7 Kxg7 24. Rb2 Rad8 25. Rd2 Kg8 26. Nf2 Ne5 27. h3 b5 28.
cxb5 axb5 29. Nd3 Ng6 30. Qc2 Rc8 31. Ne1 Rcd8 32. Nf3 Rd7 33. Rfd1 Rfd8 34.
Ng1 Ne5 35. Ne2 b4 36. Rc1 Rf8 37. Ng1 Rf6 38. Rcd1 Rh6 39. Bd5 Bxd5+ 40. Rxd5
Qe6 41. Kg2 Rf6 42. Qe2 Nf7 43. Qf3 Re7 44. Kf2 Qe4 45. Qxe4 fxe4+ 46. Kg2 Ra7
47. R1d2 Ne5 48. g4 h6 49. Ne2 Nf3 50. Rxd6 Rxd6 51. Rxd6 Rxa2 52. Kf1 c4 53.
bxc4 b3 54. Rb6 Rc2 55. Ng3 b2 56. Nxe4 Nd2+ 57. Ke2 Nb3+ 0-1

[Event "XI Torneo Internazionale"]
[Site "Venezia ITA"]
[Date "1974.11.??"]
[Round "12"]
[White "Cosulich, Roberto"]
[Black "Ostojic, Predrag"]
[WhiteElo "2430"]
[BlackElo "2485"]
[Result "1-0"]
[PlyCount "73"]
[EventDate "1974.11.09"]

1. e4 c5 2. Nf3 e6 3. d4 cxd4 4. Nxd4 Nf6 5. Bd3 Nc6 6. Nxc6 bxc6 7. O-O d5 8.
Nd2 Be7 9. b3 O-O 10. Bb2 Nd7 11. Re1 g6 12. Nf3 a5 13. Qd2 Bf6 14. Bxf6 Qxf6
15. e5 Qg7 16. c4 Ba6 17. cxd5 cxd5 18. Bxa6 Rxa6 19. Rac1 Ra7 20. Qd4 Rfa8 21.
Rc3 Qf8 22. Rec1 Rb7 23. Qe3 a4 24. Nd4 axb3 25. axb3 Rba7 26. h3 Ra1 27. Rxa1
Rxa1+ 28. Kh2 Kg7 29. Rc7 Qe8 30. Qc3 Rd1 31. Nf3 Qd8 32. Qc6 Nf8 33. Qb7 Kh6
34. Rxf7 Rd3 35. Qb4 Rxf3 36. Rxf3 Nd7 37. Rf7 1-0

[Event "XI Torneo Internazionale"]
[Site "Venezia ITA"]
[Date "1974.11.??"]
[Round "12"]
[White "Micheli, Carlo"]
[Black "Savon, Vladimir A."]
[WhiteElo "2320"]
[BlackElo "2575"]
[Result "1/2-1/2"]
[PlyCount "26"]
[EventDate "1974.11.09"]

1. e4 c5 2. Nf3 e6 3. d4 cxd4 4. Nxd4 a6 5. Bd3 Ne7 6. O-O Nbc6 7. Nb3 d5 8.
N1d2 g6 9. c3 Bg7 10. Qe2 O-O 11. f4 e5 12. Nf3 Bg4 13. h3 Bxf3 1/2-1/2

[Event "XI Torneo Internazionale"]
[Site "Venezia ITA"]
[Date "1974.11.??"]
[Round "12"]
[White "Tarjan, James Edward"]
[Black "Smyslov, Vassily V."]
[WhiteElo "2475"]
[BlackElo "2600"]
[Result "1/2-1/2"]
[PlyCount "31"]
[EventDate "1974.11.09"]

1. e4 e5 2. Nf3 Nf6 3. Nxe5 d6 4. Nf3 Nxe4 5. d4 Nf6 6. Bd3 Bg4 7. Nbd2 Nc6 8.
c3 Qe7+ 9. Be2 Qd7 10. Nf1 Be7 11. h3 Bxf3 12. Bxf3 O-O 13. Ng3 Rfe8 14. O-O d5
15. Qd3 g6 16. Bh6 1/2-1/2

[Event "XI Torneo Internazionale"]
[Site "Venezia ITA"]
[Date "1974.11.??"]
[Round "12"]
[White "Timman, Jan Hendrik"]
[Black "Suttles, Duncan"]
[WhiteElo "2540"]
[BlackElo "2445"]
[Result "0-1"]
[PlyCount "64"]
[EventDate "1974.11.09"]

1. d4 d6 2. e4 g6 3. Nf3 Bg7 4. Be2 Nf6 5. Nc3 O-O 6. O-O Bg4 7. a4 Nc6 8. Be3
e5 9. d5 Bxf3 10. Bxf3 Ne7 11. a5 a6 12. Ra3 Nd7 13. Rb3 b5 14. axb6 cxb6 15.
Be2 b5 16. Nb1 Nc5 17. Rb4 f5 18. c4 Nxe4 19. cxb5 axb5 20. Bxb5 Kh8 21. f3 Qa5
22. Rb3 Rab8 23. fxe4 Rxb5 24. Nc3 Rb4 25. Ra3 Qd8 26. Qa1 Qb8 27. Rf2 Ng8 28.
Ra6 f4 29. Ba7 Qb7 30. Rxd6 Ra8 31. Ra6 Nf6 32. Re2 Ng4 0-1

[Event "XI Torneo Internazionale"]
[Site "Venezia ITA"]
[Date "1974.11.??"]
[Round "13"]
[White "Liberzon, Vladimir M."]
[Black "Micheli, Carlo"]
[WhiteElo "2515"]
[BlackElo "2320"]
[Result "1-0"]
[PlyCount "69"]
[EventDate "1974.11.09"]

1. e4 Nf6 2. e5 Nd5 3. d4 d6 4. Nf3 g6 5. Bc4 Nb6 6. Bb3 a5 7. a4 d5 8. O-O Bg7
9. h3 O-O 10. Nc3 Na6 11. Bf4 c6 12. Ne2 Nc7 13. Qc1 Ne6 14. Bh6 f5 15. Bxg7
Kxg7 16. Nf4 h6 17. h4 Rh8 18. g3 Qg8 19. c3 Kf7 20. Bc2 Nf8 21. e6+ Ke8 22.
Re1 g5 23. Ng2 f4 24. gxf4 gxh4 25. Nfxh4 Bxe6 26. f5 Bf7 27. Qf4 Qg5 28. Ng6
Bxg6 29. fxg6 Qxf4 30. Nxf4 Rg8 31. Re3 Kd7 32. Rae1 Re8 33. Rg3 Kc7 34. g7
Nfd7 35. Bh7 1-0

[Event "XI Torneo Internazionale"]
[Site "Venezia ITA"]
[Date "1974.11.??"]
[Round "13"]
[White "Ostojic, Predrag"]
[Black "Bilek, Istvan"]
[WhiteElo "2485"]
[BlackElo "2475"]
[Result "1/2-1/2"]
[PlyCount "23"]
[EventDate "1974.11.09"]

1. e4 e5 2. Nf3 Nf6 3. Nxe5 d6 4. Nf3 Nxe4 5. d4 Bg4 6. Bd3 Nf6 7. O-O Be7 8.
Nbd2 O-O 9. h3 Bh5 10. c3 c6 11. Re1 Re8 12. Nf1 1/2-1/2

[Event "XI Torneo Internazionale"]
[Site "Venezia ITA"]
[Date "1974.11.??"]
[Round "13"]
[White "Savon, Vladimir A."]
[Black "Tarjan, James Edward"]
[WhiteElo "2575"]
[BlackElo "2475"]
[Result "1/2-1/2"]
[PlyCount "27"]
[EventDate "1974.11.09"]

1. d4 Nf6 2. c4 g6 3. g3 c6 4. Bg2 d5 5. cxd5 cxd5 6. Nf3 Bg7 7. O-O O-O 8. Ne5
Ng4 9. Nf3 Nf6 10. Ne5 Ng4 11. Nxg4 Bxg4 12. Nc3 Nc6 13. h3 Bd7 14. e3 1/2-1/2

[Event "XI Torneo Internazionale"]
[Site "Venezia ITA"]
[Date "1974.11.??"]
[Round "13"]
[White "Suttles, Duncan"]
[Black "Andersson, Ulf"]
[WhiteElo "2445"]
[BlackElo "2580"]
[Result "1/2-1/2"]
[PlyCount "28"]
[EventDate "1974.11.09"]

1. c4 Nf6 2. Nc3 e6 3. Nf3 c5 4. e3 Nc6 5. Be2 Be7 6. O-O O-O 7. d4 cxd4 8.
Nxd4 d6 9. b3 a6 10. Bb2 Bd7 11. Qd2 Qb8 12. Nc2 Rd8 13. Rfd1 Be8 14. Qe1 Ne5
1/2-1/2